| 000 | 00478nam a22001937a 4500 | ||
|---|---|---|---|
| 003 | MPLRDC | ||
| 005 | 20220104144258.0 | ||
| 008 | 210129b ||||| |||| 00| 0 eng d | ||
| 020 | _a957-455-246-2 | ||
| 082 | _a494.01 HUB c.2 | ||
| 100 | _aELBERT HUBBARD | ||
| 245 |
_a致加西亚的信 _c |
||
| 250 | _a初版 | ||
| 260 |
_a台湾 _b晨星出版有限公司 _c2002 |
||
| 300 | _b108 | ||
| 490 | _a劲草丛书. 193 | ||
| 650 | _a成功法 | ||
| 942 |
_cBK _o494.01 HUB c.2 |
||
| 999 |
_c48064 _d48054 |
||